书目信息 |
| 书名: | Applied analytical mathematics for physical scientists | |
| 作者: | James T. Cushing. | |
| 分册号: | ||
| 分册名: | 出版地: | New York : |
|
| 出版社: | Wiley | |
| 出版时间: | [1975]. | |
| 页数: | xx, 651 p. : | |
| 开本: | 24 cm. | |
| 丛书名: | ||
| 中图分类号: | ||
| 科图分类号: | ||
| 其他分类号: | H31:O1 | |
| 主题词: | ||
| 电子资源: | ||
| 000 | 00815cam a2200265 i 450 | |
| 001 | E0755293461 | |
| 005 | 20070302152500.01 | |
| 008 | 750321s1975 nyua b 001 0 eng | |
| 010 | @a75009611 | |
| 020 | @a0471189979. | |
| 035 | @A(DLC) 75009611 | |
| 040 | @aDLC@cDLC@dDLC | |
| 050 | 00 | @aQA300@b.C87 |
| 082 | 00 | @a515/.02/45 |
| 090 | @aH31:O1 | |
| 099 | @dH31:O1@ex4 | |
| 100 | 1 | @aCushing, James T.,@d1937- |
| 245 | 10 | @aApplied analytical mathematics for physical scientists / @cJames T. Cushing. |
| 260 | @aNew York :@bWiley,@c[1975]. | |
| 300 | @axx, 651 p. :@bill. ;@c24 cm. | |
| 500 | @aIncludes index. | |
| 504 | @aBibliography: p. 641-644. | |
| 650 | 0 | @aMathematical analysis. |
| 906 | @a7@bcbc@corignew@d1@eocip@f19@gy-gencatlg | |
| 991 | @bc-GenColl@hQA300@i.C87@p00035164674@tCopy 1@wBOOKS | |
| Applied analytical mathematics for physical scientists / / James T. Cushing.-New York : : Wiley, , [1975]. |
| xx, 651 p. : : ill. ; ; 24 cm. |
| Includes index.-Bibliography: p. 641-644. |
| ISBN 0471189979. |
| ● |
| 相关链接 |
|
|
|
|
正题名:Applied analytical mathematics for physical scientists
索取号:H31:O1/x4
 
预约/预借
| 序号 | 登录号 | 条形码 | 馆藏地/架位号 | 状态 | 备注 |
| 1 | 1592 | 000453510 | 第四借阅区/ [索取号:H31:O1/x4] | 在馆 |